| 000 | 00927nac a22002411u 4500 | ||
|---|---|---|---|
| 008 | 100906s2001 ii ill |r|||| 001 0 eng d | ||
| 010 | _a00042710 | ||
| 020 | _a0070259666 | ||
| 020 | _a0070486638 | ||
| 020 | _a9780070486638 | ||
| 082 | 0 | 0 |
_a006.32 _bHAM _222 |
| 100 |
_aHam, Fredric M. _918315 |
||
| 245 | 1 | 0 |
_aPrinciples of neurocomputing for science and engineering / _cFredric M. Ham, Ivica Kostanic. |
| 260 |
_aNew Delhi : _bTata McGraw-Hill, _cc2001. |
||
| 300 |
_axxx, 642 p. : _bill. ; _c24 cm. |
||
| 504 | _aIncludes bibliographical references and index. | ||
| 650 | 0 |
_aNeural computers. _918316 |
|
| 650 | 0 |
_aNeural networks (Computer science) _918317 |
|
| 700 | 1 |
_aKostanic, Ivica. _918318 |
|
| 856 | 4 | 2 |
_3Publisher description _uhttp://www.loc.gov/catdir/description/mh021/00042710.html |
| 856 | 4 | 2 |
_3Table of contents _uhttp://www.loc.gov/catdir/toc/mh021/00042710.html |
| 942 |
_cBB _k006.32 HAM _2ddc |
||
| 999 |
_c782 _d782 |
||